000
00286nam a22001337a 4500
008
170418b xxu||||| |||| 00| 0 eng d
020
_a
9780721639970
041
_a
eng
080
_a
573
100
_a
10
101
_a
SHM
245
_a
CELL BIOLOGY
_c
POLLARD, TH.D
942
_2
udc
_c
BK
999
_c
10940
_d
10940